How many chappatis do you want ? : (Record no. 3161)

MARC details
000 -LEADER
fixed length control field 00490nam a2200169Ia 4500
003 - CONTROL NUMBER IDENTIFIER
control field GBCCL
005 - DATE AND TIME OF LATEST TRANSACTION
control field 20241126110448.0
008 - FIXED-LENGTH DATA ELEMENTS--GENERAL INFORMATION
fixed length control field 171113b xxu||||| |||| 00| 0 eng d
040 ## - CATALOGING SOURCE
Transcribing agency gbc
082 ## - DEWEY DECIMAL CLASSIFICATION NUMBER
Classification number 248.844
Item number WOO
100 ## - MAIN ENTRY--PERSONAL NAME
Personal name Wood, Beulah
9 (RLIN) 1994
245 ## - TITLE STATEMENT
Title How many chappatis do you want ? :
Remainder of title case studies from the Bible and modern Christians
260 ## - PUBLICATION, DISTRIBUTION, ETC.
Name of publisher, distributor, etc. SAIACS PRESS,
Place of publication, distribution, etc. Bangalore :
Date of publication, distribution, etc. 1999
300 ## - PHYSICAL DESCRIPTION
Extent 168p.
650 ## - SUBJECT ADDED ENTRY--TOPICAL TERM
Topical term or geographic name entry element Christian life
Form subdivision Married couple
9 (RLIN) 6513
942 ## - ADDED ENTRY ELEMENTS (KOHA)
Source of classification or shelving scheme Dewey Decimal Classification
Koha item type Books
Koha issues (borrowed), all copies 1
Holdings
Withdrawn status Lost status Source of classification or shelving scheme Damaged status Not for loan Home library Current Library Shelving location Date acquired Total checkouts Full call number Barcode Date last seen Date last checked out Copy number Price effective from Koha item type
    Dewey Decimal Classification     GRACE BIBLE COLLEGE GRACE BIBLE COLLEGE Ministry & Mission 2017-11-13 1 248.844 WOO 010036 2025-05-01 2023-09-04 c.1 2017-11-13 Books
    Dewey Decimal Classification     GRACE BIBLE COLLEGE GRACE BIBLE COLLEGE Ministry & Mission 2017-11-13   248.844 WOO 010037 2025-05-01   c.2 2017-11-13 Books
© Grace Bible College Library 2025